The Industries of London Since 1861 : (Record no. 617841)

MARC details
000 -LEADER
fixed length control field 00508nam a2200193 a 4500
008 - FIXED-LENGTH DATA ELEMENTS--GENERAL INFORMATION
fixed length control field 260318s2006##################000#0#eng##
020 ## - INTERNATIONAL STANDARD BOOK NUMBER
ISBN 9780415417884
082 04 - DEWEY DECIMAL CLASSIFICATION NUMBER
Classification number 338.09421HAL
100 1# - MAIN ENTRY--AUTHOR NAME
Personal name Hall, P. G.,
245 10 - TITLE STATEMENT
Title The Industries of London Since 1861 :
260 ## - PUBLICATION, DISTRIBUTION, ETC. (IMPRINT)
Name of publisher Routledge,
Year of publication 2006.
300 ## - PHYSICAL DESCRIPTION
Number of Pages 202 pages
650 #0 - SUBJECT ADDED ENTRY--TOPICAL TERM
Topical Term Business & Economics.
942 ## - ADDED ENTRY ELEMENTS (KOHA)
Koha item type English Books
Holdings
Withdrawn status Lost status Damaged status Not for loan Home library Current library Shelving location Date acquired Full call number Accession Number Price effective from Koha item type
        Anna Centenary Library Anna Centenary Library 4TH FLOOR, A WING 18.03.2026 338.09421HAL 178196 18.03.2026 English Books

Find us on the map